[Event "Oberliga Ost-B 0809"]
[Site "Germany"]
[Date "2008.11.30"]
[Round "3.8"]
[White "Montes Padilla, Alejandro"]
[Black "Frei, Markus"]
[Result "0-1"]
[WhiteElo "2011"]
[BlackElo "1958"]
[PlyCount "100"]
[EventDate "2008.10.26"]
[EventType "team-tourn"]
[EventRounds "11"]
[EventCountry "GER"]
[SourceTitle "EXT 2010"]
[Source "ChessBase"]
[SourceDate "2010.11.25"]
[SourceVersion "1"]
[SourceVersionDate "2010.11.25"]
[SourceQuality "1"]
[WhiteTeam "Wiesbaden"]
[BlackTeam "Moerlenbach"]
[WhiteTeamCountry "GER"]
[BlackTeamCountry "GER"]

1. e4 c5 2. Nf3 Nc6 3. d4 cxd4 4. Nxd4 Nf6 5. Nc3 e5 6. Ndb5 d6 7. Bg5 a6 8. Na3 b5 9. Nd5 Be7 10. Bxf6 Bxf6 11. c4 b4 12. Nc2 a5 13. Be2 0-0 14. 0-0 Bg5 15. Qd3 f5 16. f3 Be6 17. Rad1 Ra7 18. a3 Qb8 19. axb4 axb4 20. b3 Ra2 21. Kh1 Rf7 22. Ra1 fxe4 23. fxe4 Rxf1+ 24. Rxf1 Rb2 25. Bd1 Ra2 26. Qf3 Ra7 27. Qh5 Bd2 28. Bg4 Qc8 29. Bxe6+ Qxe6 30. Qh4 Rf7 31. Rf3 h6 32. Qf2 Rxf3 33. gxf3 Qh3 34. Qg2 Qxg2+ 35. Kxg2 Kf7 36. Kf2 Na5 37. Ncxb4 Bxb4 38. Nxb4 Nxb3 39. Ke3 g5 40. Nd3 Ke6 41. Kf2 h5 42. Kg3 Kd7 43. h4 gxh4+ 44. Kxh4 Nd2 45. c5 Nxf3+ 46. Kxh5 Nd2 47. Nxe5+ dxe5 48. Kg5 Kc6 49. Kf5 Nc4 50. Ke6 Kxc5 0-1

[Event "Karl Mala Memorial op 11th"]
[Site "Frankfurt"]
[Date "2008.06.27"]
[Round "2"]
[White "Donchenko, Anatoly G"]
[Black "Montes Padilla, Alejandro"]
[Result "1-0"]
[WhiteElo "2361"]
[BlackElo "2034"]
[PlyCount "75"]
[EventDate "2008.06.26"]
[EventType "swiss"]
[EventRounds "7"]
[EventCountry "GER"]
[SourceTitle "CBM 125 Extra"]
[Source "ChessBase"]
[SourceDate "2008.09.01"]
[SourceVersion "1"]
[SourceVersionDate "2008.09.01"]
[SourceQuality "1"]

1. Nf3 Nf6 2. d4 g6 3. g3 Bg7 4. Bg2 d6 5. 0-0 0-0 6. b3 c6 7. Bb2 Qa5 8. h3 h6 9. Nbd2 Be6 10. e4 d5 11. e5 Nfd7 12. a3 Rc8 13. c4 Qd8 14. Ne1 a5 15. Nd3 Na6 16. Nf4 Nf8 17. Rc1 Rab8 18. Qe2 Qd7 19. Rfd1 b5 20. c5 Nc7 21. Rf1 a4 22. b4 h5 23. Nxe6 Ncxe6 24. f4 Bh6 25. Nf3 Ng7 26. Nh4 Nf5 27. Nxf5 Qxf5 28. Rce1 Qd7 29. f5 e6 30. f6 Qd8 31. Bf3 Nh7 32. h4 Kf8 33. Bxh5 Ke8 34. Qd3 Nf8 35. Bd1 Kd7 36. g4 g5 37. Bc1 Ng6 38. hxg5 1-0

[Event "Hessen-ch qual-D"]
[Site "Erlensee"]
[Date "2007.04.06"]
[Round "2"]
[White "Arnold, Michael"]
[Black "Montes Padilla, Alejandro"]
[Result "0-1"]
[WhiteElo "1609"]
[BlackElo "1670"]
[PlyCount "36"]
[EventDate "2007.04.06"]
[EventType "swiss"]
[EventRounds "5"]
[EventCountry "GER"]
[SourceTitle "CBM 117 Extra"]
[Source "ChessBase"]
[SourceDate "2007.05.09"]
[SourceVersion "1"]
[SourceVersionDate "2007.05.09"]
[SourceQuality "1"]

1. d4 Nf6 2. Nf3 g6 3. e3 Bg7 4. Bd3 d6 5. 0-0 0-0 6. Nbd2 Nbd7 7. c3 e5 8. e4 Nh5 9. dxe5 Nc5 10. Bc2 dxe5 11. Nc4 Qe7 12. Be3 b5 13. Na5 Ne6 14. Qd5 Nef4 15. Qxb5 Qf6 16. Qc6 Be6 17. Bb3 Nxg2 18. Kxg2 Bh3+ 0-1

[Event "Hessen-ch qual-D"]
[Site "Erlensee"]
[Date "2007.04.06"]
[Round "3"]
[White "Montes Padilla, Alejandro"]
[Black "Baumann, Wolfgang1"]
[Result "1-0"]
[WhiteElo "1670"]
[BlackElo "1611"]
[PlyCount "85"]
[EventDate "2007.04.06"]
[EventType "swiss"]
[EventRounds "5"]
[EventCountry "GER"]
[SourceTitle "CBM 117 Extra"]
[Source "ChessBase"]
[SourceDate "2007.05.09"]
[SourceVersion "1"]
[SourceVersionDate "2007.05.09"]
[SourceQuality "1"]

1. e4 e6 2. d3 d5 3. Nd2 c5 4. Ngf3 Nc6 5. g3 g6 6. Bg2 Bg7 7. 0-0 Nge7 8. Re1 0-0 9. Qe2 Re8 10. c3 d4 11. c4 e5 12. Nf1 Bg4 13. h3 Bxf3 14. Qxf3 Qd7 15. Nh2 Rf8 16. Qe2 f6 17. Bd2 Kh8 18. a3 a5 19. f4 a4 20. Rf1 b6 21. Rab1 Kg8 22. Ng4 Qc7 23. f5 Ra7 24. h4 Qd6 25. Rf2 Nc8 26. Rbf1 N8e7 27. Nh6+ Bxh6 28. Bxh6 Rf7 29. g4 Kh8 30. g5 Ng8 31. fxg6 hxg6 32. h5 Nxh6 33. hxg6 Rg7 34. Rxf6 Qe7 35. gxh6 Rg8 36. Rxc6 Qg5 37. g7+ Kh7 38. Qf3 Rb7 39. Qf5+ Qxf5 40. Rxf5 b5 41. Bh3 Rbb8 42. Rf7 Rgd8 43. Rcf6 1-0

[Event "Karl Mala Memorial op 10th"]
[Site "Griesheim"]
[Date "2006.07.23"]
[Round "7"]
[White "Markgraf, Stefan"]
[Black "Montes Padilla, Alejandro"]
[Result "1-0"]
[WhiteElo "2129"]
[BlackElo "1582"]
[PlyCount "67"]
[EventDate "2006.07.20"]
[EventType "swiss"]
[EventRounds "7"]
[EventCountry "GER"]
[SourceTitle "CBM 113 Extra"]
[Source "ChessBase"]
[SourceDate "2006.09.14"]
[SourceVersion "1"]
[SourceVersionDate "2006.09.14"]
[SourceQuality "1"]

1. e4 e6 2. d4 d5 3. Nc3 dxe4 4. Nxe4 Nf6 5. Nxf6+ Qxf6 6. Nf3 h6 7. c3 Bd6 8. Be3 Nd7 9. Bd3 0-0 10. Nd2 Re8 11. Ne4 Qe7 12. Qf3 f5 13. Nxd6 cxd6 14. Bb5 a6 15. Ba4 Rf8 16. 0-0-0 Rb8 17. Qg3 b5 18. Bb3 Kh8 19. Rhe1 e5 20. dxe5 dxe5 21. f4 e4 22. Bd4 Nf6 23. Be5 Rb6 24. Qe3 Rc6 25. Qd4 Re8 26. h3 Qb7 27. Rd2 b4 28. c4 Qb6 29. Ba4 Qxd4 30. Rxd4 Rce6 31. Bxe8 Nxe8 32. Red1 Bb7 33. Rd8 Kh7 34. Rxe8 1-0